Central Library OPAC University of Rajshahi

الانشراح ورفع الضيق في سيرة أبي بكر الصديق رضي الله عنه : شخصيته وعصره ;; al ainshirah wa rafae al diyq fi sirat 'abi bikr al siddiq radia allah eanh: shakhsiatuh wa easruh / (Record no. 78015)

MARC details
000 -LEADER
fixed length control field 01177nam a2200265 4500
001 - CONTROL NUMBER
control field 78015
003 - CONTROL NUMBER IDENTIFIER
rucl marc code BD-RjUL
005 - DATE AND TIME OF LATEST TRANSACTION
control field 20211209083058.0
008 - FIXED-LENGTH DATA ELEMENTS--GENERAL INFORMATION
fixed length control field 210304s20031424u ||||| |||| 001 0bara d
035 ## - SYSTEM CONTROL NUMBER
System control number (BD-RjUL)78241
040 ## - CATALOGING SOURCE
Original cataloging agency BD-RjUL
Language of cataloging eng
Transcribing agency BD-RjUL
041 ## - LANGUAGE CODE
Language code of text/sound track or separate title ara
082 ## - DEWEY DECIMAL CLASSIFICATION NUMBER
Edition number 23
Classification number 953.02092
Author mark and year SAA 2003
100 1# - MAIN ENTRY--PERSONAL NAME
Relator code صلابي علي محمد محمد
245 ## - TITLE STATEMENT
Title الانشراح ورفع الضيق في سيرة أبي بكر الصديق رضي الله عنه : شخصيته وعصره ;; al ainshirah wa rafae al diyq fi sirat 'abi bikr al siddiq radia allah eanh: shakhsiatuh wa easruh /
Statement of responsibility, etc. تأليف علي محمد محمد الصلابي. ; ; ʻAlī Muḥammad Muḥammad Ṣalābī
260 ## - PUBLICATION, DISTRIBUTION, ETC. (IMPRINT)
Place of publication, distribution, etc. القاهرة :
Name of publisher, distributor, etc. ; دار الفجر للتراث
Date of publication, distribution, etc. 2003
300 ## - PHYSICAL DESCRIPTION
Pagination 467 p. ;
Size 23 cm
490 ## - SERIES STATEMENT
Series statement تاريخ الخلفاء الرشيدين ; ١
500 ## - GENERAL NOTE
General note Includes Index
600 ## - SUBJECT ADDED ENTRY--PERSONAL NAME
Personal name Muḥammad,
Titles and other words associated with a name Prophet,
General subdivision Friends and associates
Dates associated with a name -632
Personal name Abū Bakr,
General subdivision Caliph,
Chronological subdivision 634.
650 ## - SUBJECT ADDED ENTRY--TOPICAL TERM
Topical term or geographic name as entry element Caliphs
Form subdivision Biography.
9 (RLIN) 245530
830 ## - SERIES ADDED ENTRY--UNIFORM TITLE
Uniform title تاريخ الخلفاء الرشيدين ; ١
942 ## - ADDED ENTRY ELEMENTS (KOHA)
Source of classification or shelving scheme Dewey Decimal Classification
Koha item type Books
Holdings
Lost status Source of classification or shelving scheme Damaged status Not for loan Collection code Permanent Location Current Location Shelving location Date acquired Source of acquisition Cost, normal purchase price Total Checkouts Full call number Date last seen Copy number Koha item type
  Dewey Decimal Classification   Not For Loan Non-fiction Central Library, University of Rajshahi Central Library, University of Rajshahi   10/07/2008 Maktabatul Arabiah , Dhaka 350.00   A 953.02092 SAA 2003 04/03/2021 C-1 Books
  Dewey Decimal Classification     Non-fiction Central Library, University of Rajshahi Central Library, University of Rajshahi   18/11/2009 Ahsania mission , Dhaka 400.00   A 953.02092 SAA 2003 04/03/2021 C-2 Books